000 00979nam a2200253Ia 4500
003 GCL
008 140319s9999 xx 000 0 ara d
040 _aGCL /
_cGCL
082 0 4 _a321.0496
_bع ا
100 1 _aعبدالله الاشعل
245 1 0 _aالاتحاد الافريقى والقضايا الافريقية المعاصرة /
_cعبدالله الاشعل
260 _aالقاهرة :
_bمؤسسة الطوبجى للتجارة والطباعة والنشر ،
_c2002
300 _a325 ص ؛
_c24 سم
650 0 4 _aمنظمة الوحدة الافريقية
650 0 4 _aالتفرقة العنصرية
650 0 4 _aالحرب الاهلية
650 0 4 _aافريقيا - الاحوال الاقتصادية
650 0 4 _aافريقيا - الاحوال السياسية
650 0 4 _aالكوميسيا
650 0 4 _aمنظمة الاكواس
650 0 4 _aمنظمة الابجاد
650 0 4 _aمنظمة السادك
942 _2ddc
_cBK
999 _c58200
_d58200